Hotel front office: A training manual (Record no. 34702)

MARC details
000 -LEADER
fixed length control field 00484nam a2200181Ia 4500
008 - FIXED-LENGTH DATA ELEMENTS--GENERAL INFORMATION
fixed length control field 230917s9999||||xx |||||||||||||| ||und||
020 ## - ISBN
Price RS375
040 ## - CATALOGING SOURCE
-- 213418
Original cataloging agency VIVEKANANDA LIBRARY
041 ## - Language
-- English
082 ## - DDC NUMBER
Classification number 647.94 A27H(3)
100 ## - MAIN ENTRY--PERSONAL NAME
Personal name Andrews,Sudhir
245 #0 - TITLE STATEMENT
Title Hotel front office: A training manual
250 ## - EDITION STATEMENT
Edition statement 3rd ed.
260 ## - PUBLICATION, DISTRIBUTION, ETC. (IMPRINT)
Place of publication, distribution, etc New Delhi
Name of publisher, distributor, etc McGraw Hill Education
Date of publication, distribution, etc 2013
300 ## - PHYSICAL DESCRIPTION
Pages xxv, 374 p.
500 ## - GENERAL NOTE
General note 4548 20/12/2013 5639 15/01/2014 IHTM (SFS)
942 ## - ADDED ENTRY ELEMENTS (KOHA)
Koha item type Books
Holdings
Withdrawn status Lost status Damaged status Not for loan Location (home branch) Sublocation or collection (holding branch) Shelving location Date acquired Koha issues (times borrowed) Koha full call number Accession No. Koha date last seen Koha item type
        VIVEKANANDA LIBRARY VIVEKANANDA LIBRARY IHTM Library 14/02/2014   647.94 A27H(3) 335141 17/09/2023 Books
        VIVEKANANDA LIBRARY VIVEKANANDA LIBRARY IHTM Library 14/02/2014   647.94 A27H(3) 335142 17/09/2023 Books
        VIVEKANANDA LIBRARY VIVEKANANDA LIBRARY IHTM Library 14/02/2014 1 647.94 A27H(3) 335143 14/10/2023 Books
        VIVEKANANDA LIBRARY VIVEKANANDA LIBRARY IHTM Library 14/02/2014   647.94 A27H(3) 335144 17/09/2023 Books
        VIVEKANANDA LIBRARY VIVEKANANDA LIBRARY IHTM Library 14/02/2014   647.94 A27H(3) 335145 17/09/2023 Books
        VIVEKANANDA LIBRARY VIVEKANANDA LIBRARY IHTM Library 14/02/2014   647.94 A27H(3) 335146 17/09/2023 Books
        VIVEKANANDA LIBRARY VIVEKANANDA LIBRARY IHTM Library 14/02/2014   647.94 A27H(3) 335147 17/09/2023 Books
        VIVEKANANDA LIBRARY VIVEKANANDA LIBRARY IHTM Library 14/02/2014   647.94 A27H(3) 335148 17/09/2023 Books
        VIVEKANANDA LIBRARY VIVEKANANDA LIBRARY IHTM Library 14/02/2014   647.94 A27H(3) 335149 17/09/2023 Books
        VIVEKANANDA LIBRARY VIVEKANANDA LIBRARY IHTM Library 14/02/2014   647.94 A27H(3) 335150 17/09/2023 Books
        VIVEKANANDA LIBRARY VIVEKANANDA LIBRARY IHTM Library 14/02/2014   647.94 A27H(3) 339854 17/09/2023 Books
        VIVEKANANDA LIBRARY VIVEKANANDA LIBRARY IHTM Library 14/02/2014   647.94 A27H(3) 339855 17/09/2023 Books
        VIVEKANANDA LIBRARY VIVEKANANDA LIBRARY IHTM Library 14/02/2014   647.94 A27H(3) 339856 17/09/2023 Books
        VIVEKANANDA LIBRARY VIVEKANANDA LIBRARY IHTM Library 14/02/2014   647.94 A27H(3) 345489 17/09/2023 Books
        VIVEKANANDA LIBRARY VIVEKANANDA LIBRARY IHTM Library 14/02/2014   647.94 A27H(3) 345490 17/09/2023 Books
        VIVEKANANDA LIBRARY VIVEKANANDA LIBRARY IHTM Library 14/02/2014   647.94 A27H(3) 345491 17/09/2023 Books
        VIVEKANANDA LIBRARY VIVEKANANDA LIBRARY IHTM Library 14/02/2014   647.94 A27H(3) 345492 17/09/2023 Books
        VIVEKANANDA LIBRARY VIVEKANANDA LIBRARY IHTM Library 14/02/2014   647.94 A27H(3) 345493 17/09/2023 Books
        VIVEKANANDA LIBRARY VIVEKANANDA LIBRARY IHTM Library 14/02/2014   647.94 A27H(3) 345494 17/09/2023 Books
        VIVEKANANDA LIBRARY VIVEKANANDA LIBRARY IHTM Library 14/02/2014   647.94 A27H(3) 345495 17/09/2023 Books
        VIVEKANANDA LIBRARY VIVEKANANDA LIBRARY IHTM Library 14/02/2014   647.94 A27H(3) 345496 17/09/2023 Books
        VIVEKANANDA LIBRARY VIVEKANANDA LIBRARY IHTM Library 14/02/2014   647.94 A27H(3) 345497 17/09/2023 Books
        VIVEKANANDA LIBRARY VIVEKANANDA LIBRARY IHTM Library 14/02/2014   647.94 A27H(3) 345498 17/09/2023 Books
© Designed and Maintained by Vivekananda Library, MDU Rohtak